Commentario alle Pandette / (Record no. 72718)
[ view plain ]
| 000 -LEADER | |
|---|---|
| campo de control de longitud fija | 00859nam a2200229 i 4500 |
| 001 - NÚMERO DE CONTROL | |
| campo de control | 72718 |
| 003 - IDENTIFICADOR DE NÚMERO DE CONTROL | |
| campo de control | ES-MaACL |
| 005 - FECHA Y HORA DE LA ÚLTIMA TRANSACCIÓN | |
| campo de control | 20250723061834.0 |
| 007 - CAMPO FIJO DE DESCRIPCIÓN FÍSICA--INFORMACIÓN GENERAL | |
| campo de control de longitud fija | t| |
| 008 - DATOS DE LONGITUD FIJA--INFORMACIÓN GENERAL | |
| campo de control de longitud fija | 040902m18881909it ||||1| ita d |
| 100 1# - ENTRADA PRINCIPAL--NOMBRE DE PERSONA | |
| Nombre de persona | Glück, Christian Friedrich von, |
| Fechas asociadas al nombre | 1755-1831 |
| 9 (RLIN) | 57457 |
| 245 10 - MENCIÓN DEL TÍTULO | |
| Título | Commentario alle Pandette / |
| Mención de responsabilidad, etc. | di Federico Glück, tradotto ed arricchito di copiose note e confronti col Codice civile del regno d'Italia ; direttori Filippo Serafini e Pietro Cogliolo [e Carlo Radda]. |
| 260 ## - PUBLICACIÓN, DISTRIBUCIÓN, ETC. | |
| Lugar de publicación, distribución, etc. | Milano : |
| Nombre del editor, distribuidor, etc. | Societáa Editrice Libraria, |
| Fecha de publicación, distribución, etc. | [1888-1909?] |
| 300 ## - DESCRIPCIÓN FÍSICA | |
| Extensión | 32 v. ; |
| Dimensiones | 26 cm. |
| 630 04 - PUNTO DE ACCESO ADICIONAL DE MATERIA--TÍTULO UNIFORME | |
| Título uniforme | Digesta. |
| 9 (RLIN) | 149974 |
| 650 07 - PUNTO DE ACCESO ADICIONAL DE MATERIA--TÉRMINO DE MATERIA | |
| Término de materia o nombre geográfico como elemento de entrada | Derecho romano |
| Fuente del encabezamiento o término | embne |
| 9 (RLIN) | 11764 |
| 700 1# - ENTRADA AGREGADA--NOMBRE PERSONAL | |
| Nombre de persona | Serafini, Filippo. |
| 9 (RLIN) | 105519 |
| 700 1# - ENTRADA AGREGADA--NOMBRE PERSONAL | |
| Nombre de persona | Cogliolo, Pietro. |
| 9 (RLIN) | 39474 |
| 700 0# - ENTRADA AGREGADA--NOMBRE PERSONAL | |
| Nombre de persona | Fadda, Carlo. |
| 9 (RLIN) | 48606 |
| 852 ## - LOCALIZACIÓN | |
| Ubicación | ES-MaACL |
| Número de control de estantería | C-13283-314 |
| Estatus retirado | Estado de pérdida | Estado de daño | No para préstamo | Colección | Biblioteca de origen | Biblioteca actual | Ubicación en estantería | Fecha de adquisición | Fuente de adquisición | Total de préstamos | Signatura topográfica completa | Código de barras | Visto por última vez | Precio de reemplazo | Tipo de ítem Koha |
|---|---|---|---|---|---|---|---|---|---|---|---|---|---|---|---|
| Libros del s. XIX | Biblioteca del Ateneo de Madrid | Biblioteca del Ateneo de Madrid | Sala Palomar | 17/01/2008 | C-13283-314 | 1076123 | 23/02/2023 | 23/02/2023 | Libro impreso antiguo |
